Brief an Fräulein Elfriede Schirrmacher (Titelsatznr. 74568)
[ MARC ]
| 000 -Satzkennung | |
|---|---|
| Kontrollfeld mit fester Länge | 00332nam a2200133 4500 |
| 001 - Kontrollnummer | |
| Kontrollfeld | 14029 |
| 007 - Feld mit fester Länge zur physischen Beschreibung - Allgemeine Information | |
| Kontrollfeld mit fester Länge | tu |
| 008 - Feld mit fester Länge zur physischen Beschreibung - Allgemeine Angaben | |
| Kontrollfeld mit fester Länge | |||||||||||| ger |
| 100 1# - Haupteintragung - Personenname | |
| Personenname | Scherl, Else |
| 245 00 - Titel | |
| Titel | Brief an Fräulein Elfriede Schirrmacher |
| Verfasserangabe etc. | Else Scherl |
| 365 ## - Handelspreis | |
| Währungscode | € |
| 500 ## - Allgemeine Fußnote | |
| Allgemeine Fußnote | Else Scherl, geb. Knospe in Ffo., |
| 546 ## - Fußnote zur Sprache | |
| Sprache | deutsch |
| Ausgeschieden | Verloren | Klassifikation oder Aufstellungssystematik | Beschädigt | Nicht entleihbar | Heimatbibliothek | Aufenthaltsbibliothek | Erwerbungsdatum | Kodierter Standort-Qualifier | Anzahl Ausleihen | Signatur | Letzte Aktivität | Preis gültig von | Koha-Medientyp |
|---|---|---|---|---|---|---|---|---|---|---|---|---|---|
| Andere/Generische Klassifikation | Stadtarchiv Frankfurt (Oder) | Archivbibliothek | Stadtarchiv Frankfurt (Oder) | Archivbibliothek | 25/11/2020 | M | Altsignatur: HsM: 2° 4/2 Verweis StAFF 3-815 - BA II 20077 | 25/11/2020 | 25/11/2020 | Bücher |